000 00573nam a2200181 i 4500
001 101867
003 ES-MaACL
007 t|
008 051026s1911 fr ||||1| fre d
100 1 _aMénard, Alphonse.
_980072
245 1 0 _aAnalyse et critique des principes de la psychologie de W. James /
_cpar A. Ménard.
260 _aParis :
_bFélix Alcan,
_c1911.
300 _a466 p. ;
_c22 cm.
490 1 _aBibliothèque de philosophie contemporaine
830 0 _aBibliothèque de philosophie contemporaine
_9181027
852 _aES-MaACL
_jB-6873
999 _c101867
_d101867